000 002190000a22000970004500
100 1 _aLara, Patricia
245 1 0 _aCarnaval y muerte
300 _aVol. 90, Núm 90 (1995), Páginas 26
773 0 _tCambio 16
942 _cANA
999 _c58604
_d58604